Bordering countries advanced - sudden death - Statistics

General Stats
  • This quiz has been taken 14 times
  • The average score is 7 of 14
Answers on the Grid
Answers color-coded by a green-red scale on the quiz's grid according to % correct below.
China-Thailand
Central African Republic-Sudan
Israel-Syria
Benin-Niger
Albania-Bulgaria
Chad-Nigeria
El Salvador-Nicaragua
Armenia-Iran
Guinea-Liberia
East Timor-Papua New Guinea
Chile-Peru
China-Afghanistan
Eswatini-Mozambique
Hungary-Ukraine
Bahrain-Saudi Arabia
Kazakhstan-Mongolia
Estonia-Lithuania
Belize-Honduras
Belarus-Latvia
Brunei-Indonesia
North Korea-Russia
Paraguay-Uruguay
Eritrea-Somalia
Angola-Rep. of the Congo
North Macedonia-Serbia
Tajikistan-Turkmenistan
Burkina Faso-Guinea
Nepal-Bhutan
Suriname-Venezuela
Italy-Monaco
 
Answer Stats
Answer % Correct
Israel-Syria
82%
China-Afghanistan
73%
Hungary-Ukraine
73%
Chile-Peru
64%
Eswatini-Mozambique
64%
Armenia-Iran
55%
North Korea-Russia
55%
Benin-Niger
45%
Angola-Rep. of the Congo
36%
Belarus-Latvia
36%
Central African Republic-Sudan
36%
Chad-Nigeria
36%
Guinea-Liberia
36%
North Macedonia-Serbia
36%
No matching quizzes found
Score Distribution
Percent of People with Each Score
Percentile by Number Answered
Your Score History
You have not taken this quiz